000 00579nam a2200193Ia 4500
003 OSt
005 20251120143429.0
008 220917b |||||||| |||| 00| 0 eng d
037 _cTB
040 _aARTS
_cARTS
_beng
041 _2eng
_aeng
084 _aT:8.243r L9
_qAL
245 0 _aEducational administration in Punjab
_b A survey report
260 _aNew Delhi, India:
_bNational Institute of Educational Planning & Administration;
_c1979.
300 _a57p.
_ccm.
650 _aEDUCATION
_9852623
942 _hT:8,2r L9
_cTB
_2CC
_n0
999 _c288306
_d288306